Esquema de desarrollo urbano para el municipio de la Libertad, departamento de Chontales, periodo 2014-2029

El estudio presenta un esquema de desarrollo urbano para el municipio de la Libertad departamento de Chontales, periodo 2014-2029. Este trabajo tiene como finalidad formular un diagnóstico de ordenamiento y desarrollo urbano, que logre identificar y definir el estado actual de la Libertad considera...

Full description

Bibliographic Details
Main Authors: Mendoza Cruz, Oskarleth Auxiliadora, Tijerino Montoya, Keylin Marbey
Other Authors: Tutor: González Jirón, Jorge Samuel
Format: Tesis Section = Libro
Language:Undetermined
Spanish
Published: Managua UNI 2014
Subjects:
LEADER 01477nam a2200277Ia 4500
008 240830s9999 xx 000 0 und d
040 |a BIBLIOTECA-RUSB/ Mon 711.4 M538 
041 |a spa 
082 |a Mon 711.4 M538 
100 1 |a Mendoza Cruz, Oskarleth Auxiliadora 
100 1 |b Tijerino Montoya, Keylin Marbey 
245 1 0 |a Esquema de desarrollo urbano para el municipio de la Libertad, departamento de Chontales, periodo 2014-2029 
260 |a Managua  |b UNI  |c 2014 
300 |a 177 p. :il. 
500 |a Contiene: anexos e Incluye: CD. 
502 |a Tesis (Arquitecto) - UNI, 2014. 
520 3 |a El estudio presenta un esquema de desarrollo urbano para el municipio de la Libertad departamento de Chontales, periodo 2014-2029. Este trabajo tiene como finalidad formular un diagnóstico de ordenamiento y desarrollo urbano, que logre identificar y definir el estado actual de la Libertad considerando la cantidad poblacional y su distribución, las condiciones de los servicios básico, equipamiento, infraestructura, la gestión y efectividad administrativa y organizativa de la municipalidad, además de las potencialidades y limitantes. 
650 7 |a DESARROLLO URBANO MUNICIPAL 
650 7 |b  PLANIFICACION DEL ESPACIO 
650 7 |c  ORDENAMIENTO TERRITORIAL 
650 7 |d  ASENTAMIENTIOS HUMANOS INFRAESTRUCTURA FISICA 
650 7 |e  LEY DE MUNICIPIOS 
700 1 |a Tutor:  |b González Jirón, Jorge Samuel 
942 |c BK  |2 ddc 
991 |a TESIS 
999 |c 20933